MCU Villain Actors - Statistics

General Stats
  • This quiz has been taken 44 times
    19 since last reset
  • The average score is 34 of 62
Answer Stats
Hint Answer % Correct
Avengers Infinity War Thanos Josh Brolin
92%
Avengers Endgame Thanos Josh Brolin
92%
Iron Man 2 Whiplash Mickey Rourke
92%
Iron Man Obadiah Stane/Iron Monger Jeff Bridges
85%
Black Panther Eric Killmonger Michael B. Jordan
85%
Spider-Man Homecoming Adrian Toomes/Vulture Michael Keaton
85%
Thor Loki Tom Hiddleston
85%
The Avengers Loki Tom Hiddleston
85%
Spider-Man No Way Home Norman Osborn/Green Goblin Willem Dafoe
85%
Spider-Man No Way Home Doc Ock Alfred Molina
77%
Thor Ragnarok Hela Cate Blanchett
77%
Doctor Strange in The Multiverse of Madness Scarlet Witch Elizabeth Olsen
77%
Captain America Brave New World Thaddeus "Thunderbolt" Ross/Red Hulk Harrison Ford
77%
Spider-Man No Way Home Electro Jaime Foxx
77%
Spider-Man Far From Home Quentin Beck/Mysterio Jake Gyllenhaal
77%
Guardians of the Galaxy Volume 2 Ego the Living Planet Kurt Russel
77%
Avengers Doomsday Doctor Doom Robert Downey Jr.
77%
Captain America the Winter Soldier Bucky Barnes/Winter Soldier Sebastian Stan
77%
Spider-Man No Way Home Sandman Thomas Haden Church
77%
Incredible Hulk Abomination Tim Roth
77%
Doctor Strange in the Multiverse of Madness Sinister Strange Benedict Cumberbatch
69%
Thor Love And Thunder Gorr The God Butcher Christain Bale
69%
Captain America the First Avenger Red Skull Hugo Weaving
69%
Loki He Who Remains Jonathan Majors
69%
Ant-Man and the Wasp Quantumania Kang the Conqueror Jonathan Majors
69%
Captain Marvel Yon-Rogg Jude Law
69%
Spider-Man No Way Home Lizard Rhys Ifans
69%
Agatha All Along Lady Death Aubrey Plaza
62%
Iron Man 3 Aldrich Killian Guy Pearce
62%
Avengers Age of Ultron Ultron James Spader
62%
WandaVision Agatha Harkness Kathryn Hahn
62%
Guardians of The Gaklaxy Ronan the Accuser Lee Pace
62%
Thunderbolts* Sentry Lewis Pullman
62%
Iron Man 2 Justin Hammer Sam Rockwell
62%
iron Man 3 Mandarin/Trevor Slattery Ben Kingsley
54%
Captain America Civil War Baron Zemo Daniel Bruhl
54%
Moon Knight Arthur Harrow Ethan Hawke
54%
Captain America The Winter Soldier Alexander Pierce Robert Redford
54%
Hawkeye Kingpin Vincent D'Onofrio
54%
Echo Kingpin Vincent D'Onofrio
54%
Ant-Man Yellowjacket Carey Stoll
46%
Ant-Man and the Wasp Ghost Hanna John-Kamen
46%
Doctor Strange Kaecilius Mads Mikkelsen
46%
Fantastic Four First Steps Galactus Ralph Ineson
46%
Eternals Kro Bill Skarsgard
38%
Thor the Dark World Malekith the Accursed Christopher Eccleston
38%
Deadpool and Wolverine Cassandra Nova Emma Corrin
38%
Eternals Ikaris Richad Madden
38%
Black Panther Wakanda Forever Namor Tenoch Huerta
38%
Doctor Strange in The Multiverse of Madness Baron Mordo Chiwetel Ejiofor
31%
Black Widow General Dreykov Ray Winstone
31%
Avengers Infinity War Proxima Midnight Carrie Coon
23%
Guardian of the Galaxy Volume 3 High Evolutionary Chukwudi Iwuji
23%
Avengers Infinity War Corvus Glaive Michael James Shaw
23%
Avengers Infinity War Cull Obsidian Kerry Notary
15%
Secret Invasion Gravik Kingsley Ben-Adir
15%
Avengers Infinity War Ebony Maw Tom Vaughan-Lawlor
15%
The Marvels Darr-Ben Zawe Ashton
15%
She Hulk Attorney at Law KulkKing Jon Bass
8%
Ms. Marvel Sadie Deever Alysia Reiner
0%
Ms. Marvel Najma Nimra Bucha
0%
Shang-Chi and the Legend of the Ten RIngs Xu Wenwu/Mandarin Tony Leung Chiu-wai
0%
No matching quizzes found
Score Distribution
Percent of People with Each Score
Percentile by Number Answered
Your Score History
You have not taken this quiz since the last reset